000 00494nam a22001817a 4500
005 20251108173146.0
008 250721s2006 xx 000 0 ara d
082 1 4 _a133.5/رب
100 1 _aأبو الرب، أحمد محمود
245 1 0 _aأسرار الأرقام في حياة الإنسان /
250 _aط 3
264 1 _aاربد :
_bالمؤلف،
_c2006.
300 _a209ص
650 1 7 _aالأبراج
650 1 7 _aالتنجيم
942 _2ddc
_cBK
999 _c97384
_d97384